Электротехнологические процессы получения фтороводорода из растворов и пульп; Известия Томского политехнического университета [Известия ТПУ]; Т. 308, № 3
| Parent link: | Известия Томского политехнического университета [Известия ТПУ]/ Томский политехнический университет (ТПУ).— , 2000- Т. 308, № 3.— 2005.— [С. 101-103] |
|---|---|
| Hovedforfatter: | |
| Andre forfattere: | , |
| Summary: | Заглавие с титульного листа Электронная версия печатной публикации Приведены результаты дериватографических исследований процесса десорбции фтороводорода из фторсернокислых растворов и пульп, описаны методы термической переработки растворов, пульп в электродном десорбере. |
| Sprog: | russisk |
| Udgivet: |
2005
|
| Serier: | Технические науки |
| Fag: | |
| Online adgang: | http://www.lib.tpu.ru/fulltext/v/Bulletin_TPU/2005/v308/i3/21.pdf |
| Format: | MixedMaterials Electronisk Book Chapter |
| KOHA link: | https://koha.lib.tpu.ru/cgi-bin/koha/opac-detail.pl?biblionumber=170370 |
MARC
| LEADER | 00000nla2a2200000 4500 | ||
|---|---|---|---|
| 001 | 170370 | ||
| 005 | 20231031163702.0 | ||
| 035 | |a (RuTPU)RU\TPU\book\184766 | ||
| 035 | |a RU\TPU\book\184765 | ||
| 090 | |a 170370 | ||
| 100 | |a 20091121d2005 k y0rusy50 ca | ||
| 101 | 0 | |a rus | |
| 102 | |a RU | ||
| 135 | |a drnn ---uucaa | ||
| 181 | 0 | |a i | |
| 182 | 0 | |a b | |
| 200 | 1 | |a Электротехнологические процессы получения фтороводорода из растворов и пульп |b Электронный ресурс |f В. П. Пищулин, Л. Ф. Зарипова, С. Н. Гришин | |
| 203 | |a Текст |c электронный | ||
| 215 | |a 1 файл (353 Кб) | ||
| 225 | 1 | |a Технические науки | |
| 230 | |a Электронные текстовые данные (1 файл : 353 Кб) | ||
| 300 | |a Заглавие с титульного листа | ||
| 300 | |a Электронная версия печатной публикации | ||
| 320 | |a [Библиогр.: с. 103 (3 назв.)] | ||
| 330 | |a Приведены результаты дериватографических исследований процесса десорбции фтороводорода из фторсернокислых растворов и пульп, описаны методы термической переработки растворов, пульп в электродном десорбере. | ||
| 337 | |a Adobe Reader | ||
| 461 | 1 | |0 (RuTPU)RU\TPU\book\176237 |t Известия Томского политехнического университета [Известия ТПУ] |f Томский политехнический университет (ТПУ) |d 2000- | |
| 463 | 1 | |0 (RuTPU)RU\TPU\book\184739 |t Т. 308, № 3 |v [С. 101-103] |d 2005 |p 263 с. | |
| 610 | 1 | |a электротехнологические процессы | |
| 610 | 1 | |a получение | |
| 610 | 1 | |a фтороводород | |
| 610 | 1 | |a растворы | |
| 610 | 1 | |a пульпы | |
| 610 | 1 | |a результаты | |
| 610 | 1 | |a дериватографические исследования | |
| 610 | 1 | |a десорбция | |
| 610 | 1 | |a фторсернокислые растворы | |
| 610 | 1 | |a методы | |
| 610 | 1 | |a термическая переработка | |
| 610 | 1 | |a электродный десорбер | |
| 610 | 1 | |a электронный ресурс | |
| 700 | 1 | |a Пищулин |b В. П. | |
| 701 | 1 | |a Зарипова |b Л. Ф. | |
| 701 | 1 | |a Гришин |b С. Н. | |
| 801 | 1 | |a RU |b 63413507 |c 20090623 |g PSBO | |
| 801 | 2 | |a RU |b 63413507 |c 20210927 |g PSBO | |
| 856 | 4 | |u http://www.lib.tpu.ru/fulltext/v/Bulletin_TPU/2005/v308/i3/21.pdf | |
| 942 | |c CF | ||